| 000 | 01071nam a2200313 i 4500 | ||
|---|---|---|---|
| 003 | EG-GICUC | ||
| 005 | 20260425185137.0 | ||
| 008 | 260425s1974 it ||||f |||| 000 0 ita d | ||
| 040 |
_aEG-GiCUC _bita _cEG-GiCUC _dEG-GiCUC _eRda |
||
| 041 | 0 | _aita | |
| 082 | 0 | 4 |
_221 _a343.3045 _bRI . P |
| 092 | 0 | 4 | _221 |
| 099 | _aLaw1 10 343.3045 RI . P 1974 1011241 C1 | ||
| 100 | 1 |
_aRiccio, Giuseppe _eAuthor. |
|
| 245 | 1 | 3 |
_aLe Perquisizioni Nel Codice Di Procedura Penale / _cGiuseppe Riccio. |
| 264 | 1 |
_aNapoli : _bCasa Editrice Dott. Eugenio Jovene, _c1974. |
|
| 300 |
_a223 pages ; _c 24 cm. |
||
| 336 |
_2rda contenu _a texte |
||
| 337 |
_2rda medias _aOrdinateur |
||
| 338 |
_2 transporteur rda _a Ressource en ligne |
||
| 490 | 0 |
_aPubblicazioni Della Facolta Giuridica Dell'università Di Napoli ; _v148 |
|
| 546 | _a Text in Italian | ||
| 650 | 1 | 4 | _aCodice di procedura penale |
| 650 | 1 | 4 | _aDiritto penale |
| 651 | 1 | 4 |
_aItalia _xLeggi e legislazione |
| 856 | 4 | 0 | _uhttps://fll.law.cu.edu.eg/fulltext/bks/B10-11241.pdf |
| 905 | _a164 | ||
| 942 |
_2ddc _n0 _cBK _e21 |
||
| 999 |
_c73350 _d73350 |
||